000 00545nam a2200193 u 4500
001 000056214
005 20200120223227.0
008 130613s2010 ck er 000 0 spa d
020 _99789589957813
041 0 _a//spa
082 0 4 _221
090 _aAC
_bHISTco
245 1 0 _aHistorias colectivas e individuales :
_bCuentos ensayo y crónica /
_cAlcandía Mayor de Bogotá.
250 _a1a. ed.
260 _aBogotá :
_bAlcandía Mayor de Bogotá,
_c2010.
300 _a84 p.
650 1 7 _aCuentos
_2LEMB
650 2 7 _aCuentos populares
_2LEMB
999 _c5673
_d5673